Mechanical technology : (Record no. 3276)
[ view plain ]
| 000 -LEADER | |
|---|---|
| fixed length control field | 00534nam a22001937a 4500 |
| 003 - CONTROL NUMBER IDENTIFIER | |
| control field | OSt |
| 005 - DATE AND TIME OF LATEST TRANSACTION | |
| control field | 20140310181752.0 |
| 008 - FIXED-LENGTH DATA ELEMENTS--GENERAL INFORMATION | |
| fixed length control field | 130627t xxu||||| |||| 00| 0 eng d |
| 020 ## - INTERNATIONAL STANDARD BOOK NUMBER | |
| International Standard Book Number | 9712310051 |
| 050 ## - LIBRARY OF CONGRESS CALL NUMBER | |
| Classification number | TJ 145 |
| Item number | .N716 1992 |
| 082 ## - DEWEY DECIMAL CLASSIFICATION NUMBER | |
| Classification number | FIL 620.1 |
| Item number | N622 1992 |
| 100 ## - MAIN ENTRY--PERSONAL NAME | |
| Personal name | Nino, Emmanuel F. |
| 245 ## - TITLE STATEMENT | |
| Title | Mechanical technology : |
| Remainder of title | a guidebook / |
| Statement of responsibility, etc | Emmanuel F. Nino. |
| 260 ## - PUBLICATION, DISTRIBUTION, ETC. (IMPRINT) | |
| Place of publication, distribution, etc | Manila, Philippines : |
| Name of publisher, distributor, etc | Rex Book Store, |
| Date of publication, distribution, etc | c1992. |
| 300 ## - PHYSICAL DESCRIPTION | |
| Extent | 92 p. : |
| Other physical details | ill. ; |
| Dimensions | 26 cm. |
| 562 ## - COPY AND VERSION IDENTIFICATION NOTE | |
| Number of copies | 1 |
| 942 ## - ADDED ENTRY ELEMENTS (KOHA) | |
| Source of classification or shelving scheme | Library of Congress Classification |
| Koha item type | Books |
| Withdrawn status | Lost status | Source of classification or shelving scheme | Damaged status | Home library | Current library | Shelving location | Date acquired | Total Checkouts | Full call number | Barcode | Date last seen | Copy number | Price effective from | Koha item type |
|---|---|---|---|---|---|---|---|---|---|---|---|---|---|---|
| Library of Congress Classification | Luxembourg Library | Luxembourg Library | Filipiniana Section | 06/27/2013 | TJ 145 .N716 1992 | 2093 | 08/13/2013 | 1 | 06/27/2013 | Books |